Memoriale di Sant'Elena / (Record no. 157164)
[ view plain ]
| 000 -LEADER | |
|---|---|
| campo de control de longitud fija | 00937nam a2200241 i 4500 |
| 001 - NÚMERO DE CONTROL | |
| campo de control | 157164 |
| 003 - IDENTIFICADOR DE NÚMERO DE CONTROL | |
| campo de control | ES-MaACL |
| 005 - FECHA Y HORA DE LA ÚLTIMA TRANSACCIÓN | |
| campo de control | 20250929063224.0 |
| 008 - DATOS DE LONGITUD FIJA--INFORMACIÓN GENERAL | |
| campo de control de longitud fija | 040810m18441846it a |||| | ita d |
| 040 ## - FUENTE DE CATALOGACIÓN | |
| Centro catalogador/agencia de origen | CAM |
| Lengua de catalogación | spa |
| Centro/agencia transcriptor | CAM |
| 100 1# - ENTRADA PRINCIPAL--NOMBRE DE PERSONA | |
| Nombre de persona | Las Cases, Emmanuel, |
| Títulos y otros términos asociados al nombre | comte de, |
| Fechas asociadas al nombre | 1766-1842 |
| 9 (RLIN) | 70385 |
| 245 10 - MENCIÓN DEL TÍTULO | |
| Título | Memoriale di Sant'Elena / |
| Mención de responsabilidad, etc. | del conte de las Cases; ornato con appositi disegni del celebre Charlet. |
| 250 ## - MENCION DE EDICION | |
| Mención de edición | 1ª vers. italiana |
| Resto de la mención de edición | del cav. A. Baratta. |
| 260 ## - PUBLICACIÓN, DISTRIBUCIÓN, ETC. | |
| Lugar de publicación, distribución, etc. | Torino : |
| Nombre del editor, distribuidor, etc. | [s.n.], |
| Fecha de publicación, distribución, etc. | 1844-1846 ( |
| Fabricante | Stabilimento tipográfico Fontana) |
| 300 ## - DESCRIPCIÓN FÍSICA | |
| Extensión | 2 v. (VII, 703; 735 p.) : |
| Otras características físicas | il. ; |
| Dimensiones | 27 cm. |
| 597 ## - NOTA DE DESCRIPCIÓN FÍSICA | |
| NOTA DE DESCRIPCIÓN FÍSICA | Texto enmarcado. |
| 599 ## - NOTA A LAS ILUSTRACIONES | |
| NOTA A LAS ILUSTRACIONES | Numerosas il. intercaladas en el texto. |
| 600 04 - PUNTO DE ACCESO ADICIONAL DE MATERIA--NOMBRE DE PERSONA | |
| Nombre de persona | Napoleón |
| Numeración | I |
| Títulos y otros términos asociados al nombre | , Emperador de Francia. |
| 9 (RLIN) | 84910 |
| 700 1# - ENTRADA AGREGADA--NOMBRE PERSONAL | |
| Nombre de persona | Charlet. |
| 9 (RLIN) | 126459 |
| 700 1# - ENTRADA AGREGADA--NOMBRE PERSONAL | |
| Nombre de persona | Baratta, A. |
| 9 (RLIN) | 125797 |
| 852 ## - LOCALIZACIÓN | |
| Ubicación | ES-MaACL |
| Número de control de estantería | C-1716-17 |
| Nota libre | -- Enc. hol. |
| -- | -- Legado M. de la Fuente |
| Estatus retirado | Estado de pérdida | Estado de daño | No para préstamo | Colección | Biblioteca de origen | Biblioteca actual | Ubicación en estantería | Fecha de adquisición | Total de préstamos | Signatura topográfica completa | Código de barras | Visto por última vez | Precio de reemplazo | Tipo de ítem Koha |
|---|---|---|---|---|---|---|---|---|---|---|---|---|---|---|
| Libros del s. XIX | Biblioteca del Ateneo de Madrid | Biblioteca del Ateneo de Madrid | Sala Palomar | 17/01/2008 | C-1716-17 | 1164440 | 23/02/2023 | 23/02/2023 | Libro impreso antiguo |
